000
00338nam a2200145Ia 4500
100
_a
Burstein/ H./ Rollak/ H.C.
650
_a
Electrical Engineering
942
_c
BK
654
_a
circuits
245
_a
Elements of tape recorder circuits
260
_b
Tab books
_a
USA
_c
1972
082
_a
621.389
300
_a
223
546
_a
ENGLISH
999
_c
18183
_d
18183